[Event "Perm Rating October"]
[Site "Perm"]
[Date "2010.10.12"]
[Round "7"]
[White "Mikheeva, Natalia"]
[Black "Utkin, Kirill"]
[Result "1/2-1/2"]
[WhiteElo "1833"]
[BlackElo "1774"]
[PlyCount "50"]
[EventDate "2010.10.04"]
[EventType "swiss"]
[EventRounds "8"]
[EventCountry "RUS"]
[SourceTitle "EXT 2022"]
[Source "ChessBase"]
[SourceDate "2021.10.06"]
[SourceVersion "1"]
[SourceVersionDate "2021.10.06"]
[SourceQuality "1"]

1. e4 e5 2. Nf3 Nc6 3. d4 exd4 4. Nxd4 Nf6 5. Nc3 Bb4 6. Nxc6 bxc6 7. Bd3 d5 8. exd5 cxd5 9. 0-0 c6 10. Ne2 0-0 11. c3 Bd6 12. Qc2 Qc7 13. Ng3 h6 14. Be3 Ng4 15. Rae1 f5 16. Bxf5 Bxf5 17. Nxf5 Nxh2 18. Nxh6+ gxh6 19. Qg6+ Qg7 20. Qxd6 Nf3+ 21. Kh1 Nxe1 22. Rxe1 Qf6 23. Qg3+ Kh7 24. Bd4 Qf7 25. Qd6 Rae8 1/2-1/2

[Event "Perm Rating October"]
[Site "Perm"]
[Date "2010.10.04"]
[Round "1"]
[White "Kashin, Yury"]
[Black "Utkin, Kirill"]
[Result "1-0"]
[WhiteElo "2047"]
[BlackElo "1774"]
[PlyCount "83"]
[EventDate "2010.10.04"]
[EventType "swiss"]
[EventRounds "8"]
[EventCountry "RUS"]
[SourceTitle "EXT 2022"]
[Source "ChessBase"]
[SourceDate "2021.10.06"]
[SourceVersion "1"]
[SourceVersionDate "2021.10.06"]
[SourceQuality "1"]

1. e4 e5 2. Bc4 Nf6 3. Nc3 Bc5 4. Nf3 Nc6 5. 0-0 d6 6. h3 0-0 7. d3 a6 8. Bg5 Be6 9. Nd5 Bxd5 10. Bxd5 Rb8 11. c3 h6 12. Bxf6 Qxf6 13. b4 Ba7 14. a4 Ne7 15. Bc4 c6 16. Qe2 Ng6 17. g3 Rfe8 18. Kg2 Rbd8 19. Nh2 Qg5 20. Kh1 d5 21. h4 Qf6 22. Bb3 d4 23. c4 c5 24. b5 Rb8 25. Qh5 Qd8 26. a5 Rc8 27. b6 Bb8 28. Bd1 Nf8 29. Ra2 Nh7 30. f4 Nf6 31. Qf5 g6 32. Qh3 h5 33. f5 Qe7 34. Raf2 Nh7 35. fxg6 fxg6 36. Rf7 Qxf7 37. Rxf7 Kxf7 38. Qd7+ Kg8 39. Qxb7 Nf6 40. Qxa6 Rf8 41. Kg2 Rfd8 42. b7 1-0